000 00495nam a2200205Ia 4500
003 OSt
005 20260221111650.0
008 210210b2020 xxu||||| |||| 00| 0 eng d
020 _a9781542094139
040 _cAL
041 _aeng
082 _a820.33 BHAO
100 _aChetan Bhagat
_9241133
245 _aOne arranged murder
260 _aSeattle
_bWestland books pvt ltd.,
_c2020
300 _a303
690 _aIndian English Fiction
_9241134
906 _a074395
942 _2ddc
_cBK
999 _c124807
_d124807